01063 a2200169 45000010006000000050017000060080041000230030015000640400040000790800022001192450063001412640057002043000019002615050557002801000033008377000023008702917320260407155600.0260407a1971 arg spa dAR-UNSa-BCEJYS aAR-UNSa-BCEJYSbspacAR-UNSa-BCEJYS a657xContabilidad10aProcedimientos básicos de contabilidad, texto programado 1aMéxico :bCentro Regional de Ayuda Técnicac1971 a343 p.c28 cm. a1. Datos finaniceros - 2. Interpretaciones de las transacciones - 3. Cuentas - 4. El diario - 5. Ventas - 6. Ingresos de caja - 7. Otras transacciones con los clientes - 8. Compras y cuentas por pagar - 8. Pagos en efectivo - 10. Registros alternativos - 11. Ajustes periódicos, partidas acumuladas y partidas pagadas por anticipado - 12. Ajustes periódicos, inventarios - 13. Ajustes periódicos, cuentas malas - 14. Ajustes periódicos, depreciación - 15. Procedimientos por hoja de trabajo - 16. Asientos de cierre - 17. Estados financieros.1 aPalazón Beltrán, Ramón1 aMc Neill, I.Eugene